000 01965nam0a2200397 4500
001 RU\NLR\BIBL_A\010449885
005 20260408210144.0
010 _a978-5-93134-447-8
_93000
021 _aRU
_b2014-41934
_92554
035 _a(NLR Aleph) 010449885
035 _a(NILC)RuMoRGB-007503557
090 _a9923154
_c9923154
100 _a20140811d2014 |||y0rusy50 ca
101 0 _arus
102 _aRU
105 _ay|||j|||000yy
200 1 _aПравовое обеспечение реализации ФГОС дошкольного образования
_eучебно-методическое пособие
_fЛ. П. Погребняк
210 _aМосква
_cПедагогическое общество России
_d2014
215 _a107, [1] с.
_cтабл.
_d21
300 _aНа 4-й с. обл. авт.: Погребняк Л.П. д.п.н., проф.
320 _aБиблиогр.: с. 83-85, в подстроч. примеч. и в тексте
606 1 _aДошкольное образование
_jУчебно-методические пособия
_xПравовые вопросы
_yРоссийская Федерация
_92574798
_3RU\NLR\AUTH\661522442
606 _aДошкольные учреждения
_jУчебно-методические пособия
_xУчебные программы
_yРоссийская Федерация
_92225409
_3RU\NLR\AUTH\6601568924
610 0 _aстандарт дошкольного образования
610 0 _aпрограмма дошкольного образования
686 1 _aХ621.151я7
686 1 _aЧ411.311я7
686 1 _aЧ414(2Р)бя7
700 1 _aПогребняк
_bЛ. П.
_gЛюбовь Павловна
801 0 _aRU
_bРГБ
_c20140606
_gRCR
801 1 _aRU
_bРГБ
_c20140606
_2rusmarc
942 _cBOOK
980 _aNBR
980 _aNB